| 000 | 00571 a2200157 4500 | ||
|---|---|---|---|
| 003 | Nust | ||
| 005 | 20170207153448.0 | ||
| 040 | _cNust | ||
| 082 | _a808.81 | ||
| 100 | _aRussell,Ralph | ||
| 245 |
_aSelections from the Persian Ghazals of Ghalib _cRalph Russell and Iftikhar Ahmed Adani |
||
| 260 |
_apakistan _bAnjuman Taraqqi e Urdu _c1997 |
||
| 505 | _aA Word about this book (Page-5) Introduction (Page-7) Persia Ghazals with Translations (Page-8) Explanatory Index (Page-142) Pas Navisht (Post Script) (Page-165). | ||
| 538 | _aAlmirah No.57 Shelf No.3 | ||
| 650 | _aGhalib | ||
| 942 |
_2ddc _cBK |
||
| 999 |
_c186712 _d186712 |
||